[Event "Grenke Chess Classic 6th"]
[Site "Karlsruhe/Baden Baden"]
[Date "2019.04.27"]
[Round "7"]
[White "Anand, Viswanathan"]
[Black "Meier, Georg"]
[Result "0-1"]
[WhiteElo "2774"]
[BlackElo "2628"]
[Annotator "Meier,Georg"]
[PlyCount "72"]
[EventDate "2019.04.20"]
[EventType "tourn"]
[EventRounds "9"]
[EventCountry "GER"]
[EventCategory "19"]
[SourceTitle "CBM 190"]
[Source "ChessBase"]
[SourceDate "2019.06.30"]
[SourceVersion "1"]
[SourceVersionDate "2019.06.30"]
[SourceQuality "1"]

{[%evp 0,72,19,38,30,45,36,23,42,45,59,55,54,37,43,33,40,40,14,2,6,-5,5,5,22,
-61,-24,-69,33,-116,17,13,24,27,27,35,37,32,45,45,62,72,36,0,5,4,4,-3,-3,-7,
-22,-22,-25,0,0,0,84,-28,0,-12,-81,-78,-70,-20,-20,-82,-82,-67,-65,-58,-74,-99,
-116,-418,-424]} 1. e4 e6 2. d4 d5 3. Nc3 dxe4 4. Nxe4 Nd7 {For the third time
I was able to defend the Rubinstein Variation against Anand. Each occasion has
seen an interesting struggle and in fact I was the one who twice missed a
possible win.   Bereits zum dritten Mal konnte ich die Rubinstein-Variante
gegen Anand verteidigen. Jedes Mal entsteht ein interessantes Gefecht und in
der Tat war ich derjenige der bereits 2 Mal einen möglichen Sieg ausgelassen
hatte.} 5. Nf3 (5. g3 Be7 6. Nf3 Ngf6 7. Qe2 $5 {at that time practically an
innovation damals praktisch eine Neuerung} Nxe4 8. Qxe4 Rb8 $1 9. Bg2 b5 10.
O-O O-O 11. Rd1 Bb7 $11 12. Qe2 Nf6 13. c3 a6 14. a4 Bd5 15. Ne5 Bxg2 16. Kxg2
Qd5+ 17. Qf3 Qxf3+ 18. Kxf3 Bd6 19. axb5 axb5 20. Bg5 Bxe5 21. dxe5 Nd5 22. Ra6
c5 23. Be3 Rfc8 24. Rda1 h5 25. Ra7 c4 26. Rd7 b4 27. Bd4 bxc3 28. bxc3 Rb3 29.
Rxd5 $5 exd5 30. Kf4 Rbb8 31. Kg5 Ra8 32. Re1 Rc6 33. f4 Ra2 34. h3 Rd2 {
missing a hidden way to win: verpasste einen versteckten Gewinnweg:} (34...
Rg6+ 35. Kh4 Rg2 36. Re3 f6 $3 37. exf6 gxf6 38. f5 Rg4+ $1 39. hxg4 Rh2#) 35.
f5 Rd3 36. Kf4 h4 37. e6 Kf8 38. gxh4 fxe6 39. Ra1 exf5 40. Kxf5 Rxh3 41. Ra8+
Ke7 42. Ra7+ Ke8 43. Ke5 Rxh4 44. Kxd5 Rg6 45. Bxg7 {1/2-1/2 (45) Anand,V 
(2776)-Meier,G (2648) Karlsruhe/Baden-Baden 2018}) 5... Ngf6 6. Nxf6+ Nxf6 7.
Be3 {One of the best moves at this point. White bolsters his position against
c7-c5. Einer der besten Züge an dieser Stelle. Weiss stemmt sich gegen c7-c5.}
Bd6 8. Bd3 O-O 9. Qe2 b6 10. O-O-O Bb7 11. Kb1 (11. c4 c5 12. dxc5 bxc5 13. Ng5
$5 {was Anand's first - extremely original - attempt. war Anand's erster -
äußerst origineller - Versuch.} h6 14. Nh7 Nxh7 15. Bxh7+ Kxh7 16. Qd3+ Kg8
17. Qxd6 Qa5 18. Kb1 Be4+ 19. Ka1 Bc2 20. Qg3 Kh7 21. Bd2 Qa4 22. b3 Qc6 23.
Bc3 Bg6 24. Rd6 Qe4 25. Re1 Qc2 26. Rd2 Qf5 27. Qe5 f6 28. Qxf5 Bxf5 29. Ba5
$16 Rf7 30. Red1 g5 31. Rd6 Rc8 32. Rd7 Rcf8 33. R1d6 Kg6 34. Bd2 e5 35. Rxf7
Rxf7 36. Be3 Rc7 37. Ra6 h5 38. Kb2 h4 39. Ra5 Rd7 40. Bxc5 Rd1 41. Ra6 Bc8 42.
Rxa7 Rh1 43. Rc7 Bf5 44. h3 Rh2 45. a4 Rxg2 46. a5 g4 47. hxg4 Bxg4 {Here too
I missed a study-like win: auch hier ging ich an einem studienhaften Sieg
vorbei:} (47... Rxg4 $1 48. a6 h3 49. a7 Be4 50. Rd7 Rh4 $1 51. f3 Bxf3 ({
not nicht} 51... h2 52. fxe4 h1=Q 53. a8=Q Rh2+ 54. Rd2 Rxd2+ 55. Kc3 {and
White only just saves his skin und Weiss rettet sich haarscharf}) 52. Bg1 h2
53. Bxh2 Rxh2+ 54. Kc3 Rh7 $1 $19) 48. a6 h3 49. a7 Bf3 50. Rd7 h2 51. Rd5 Bxd5
52. cxd5 h1=Q 53. a8=Q Rg1 54. Qg8+ Kf5 55. Qe6+ Kg6 56. Qg8+ {½-½ (56)
Anand,V (2780)-Meier,G (2640) Baden-Baden 2013 CBM 153 [CB]}) 11... c5 12. Bg5
h6 13. Bh4 Rc8 {The type of position which has arisen is full of tension,
since there are numerous plausible coontinuations for White.  Ein
spannungsgeladener Stellungstyp ist entstanden, indem es viele plausible
Fortsetzungen fuer Weiss gibt.} 14. Rhe1 {At first glance the most natural
move. Black no longer has a "simple" move with which to advance the
mobilisation of his pieces. So the following transformation cannot be backed
up by evidence and the playability of this variation depends on how it turns
out.  Der auf den ersten Blick natuerlichste Zug. Schwarz hat keinen
"einfachen" Zug mehr um seinerseits die Mobilisierung der Kraefte
voranzutreiben. Die folgende Transformation ist daher unausweislich, und an
ihrem Ausgang haengt die Spielbarkeit dieser Variante.} (14. c3 {was Caruana's
choice against me. At first I reacted correctly with war Caruana's Wahl gegen
mich. Ich reagierte zunaechst richtig mit} Be7 15. Bg3 cxd4 16. Nxd4 Rc5 17.
Rhe1 Qc8 {1-0 (35) Caruana,F (2817)-Meier,G (2621) Karlsruhe/Baden-Baden 2017
CBM 178 [Moradiabadi,E]  but then bit by bit I strayed from the correct path.
As so often, I needed to learn some lessons before penetrating more deeply
into the secrets of positions of this type. kam dann aber sukzessive vom
rechten Weg ab. Wie so oft, musste ich einige Lektionen lernen, bis ich tiefer
in die Geheimnisse dieses Stellungstyps eindrang.}) (14. dxc5 Rxc5 15. Bg3 Rd5
16. c4 Rxd3 17. Rxd3 Be4 {has also been seen already - Black holds his own.
wurde auch schon gesehen - Schwarz behauptet sich.}) 14... Bxf3 $1 15. Qxf3 (
15. gxf3 cxd4 16. Ba6 Rc5) 15... c4 16. Be4 g5 $1 17. Bg3 Bxg3 18. fxg3 (18.
Qxg3 Qc7) 18... Kg7 {It is difficult to gnaw away at Black's king position,
since the white pawn structure has become less flexible and thus line opening
is difficult to realise.  Es ist schwierig die schwarze Königsstellung
anzuknabbern, da die weisse Bauernstruktur an Flexibilität eingebüßt hat
und Linienöffnung dadurch nicht ohne Weiteres realisierbar ist.} 19. c3 (19.
d5 Nxe4 (19... exd5 20. Bxd5 $14) (19... c3 20. dxe6 Qe7 21. Bd5) 20. Qxe4 exd5
21. Rxd5 Re8 22. Rxd8 Rxe4 23. Rxe4 Rxd8 24. Kc1 Rd5 25. Rxc4 Rf5 $132) (19. h4
g4 {and the door remains shut. und der Laden bleibt geschlossen.}) 19... b5 20.
g4 $6 {Played after a long period of thought. I have always found Anand to be
a very straightforward player who looks to take the initiative. A situation
has arisen here in which he does not feel at home: Although all his pieces are
centralised he cannot develop an attack.  Nach langem Nachdenken gespielt. Ich
habe Anand stets als sehr geradlinigen Spieler empfunden der die Initiative
sucht. Hier ist eine Situation entstanden in der er sich nicht wohlfühlt:
Obwohl alle seine Figuren zentralisiert sind, kann er keinen Angriff entfachen.
} ({A more prudent move would be Umsichtiger wäre} 20. Rf1 {since Black
cannot now relieve the pressure on f6 without allowing the position to peter
out. denn Schwarz kann sich nun nicht vom Druck auf f6 lösen ohne die
Stellung verflachen zu lassen.} Nxe4 21. Qxe4 Qd5 $11) (20. d5 exd5 21. Bxd5
Qb6 $15) 20... Qd6 21. Rf1 Nxe4 22. Qxe4 Qxh2 23. d5 $2 {striving in vain for
the initiative strebt vergebens nach Initiative} (23. Qf3 Qf4 24. Qxf4 gxf4 25.
Rxf4) 23... Qd6 24. Qd4+ e5 25. Qxa7 Rc5 $5 {The key moment in the game! The
white queen is cut off after which the black e-pawn advaces to centre stage.
With its lack of coordination the white position is very difficult to play.
Der Schlüsselmoment der Partie! Die weisse Dame wird abgeschnitten wonach der
schwarze e-Bauer zum Hauptakteur avanciert. Mangels Koordination ist die
weisse Stellung sehr schwer zu spielen.} ({It was clear to me that Mir war
klar, dass} 25... b4 {brings Black an advantage, but the position after
Schwarz Vorteil bringt, aber die Stellung nach} 26. Qe3 bxc3 27. Qxc3 {
appeared to me to be difficult to control. In fact the computer continuation
with erschien mir schwer zu kontrollieren. In der Tat ist die
Computerfortsetzung mit} Rc5 28. Qf3 c3 {is very abstract. From the computer's
point of view the text move is a mistake. But from a human point of view I
still believe that 25...Rc5 was a very good practical decision. sehr abstrakt.
Aus Sicht des Computers ist der Textzug ein Fehler. Aber aus menschlicher
Sicht glaube ich nach wie vor, dass 25...Tc5 eine sehr gute praktische
Entscheidung war.}) 26. Qb7 e4 27. Rf5 e3 28. Kc1 $1 {directed against e3-e2.
gegen e3-e2 gerichtet.} (28. Rdf1 $4 Rc7 29. Qxb5 e2 30. Re1 Qg3 31. Rxe2 Qd3+
32. Rc2 Re7 $19 {was the concrete basis for my decision to play 25...Rc5. war
die konkrete Grundlage für meine Entscheidung 25...Rc5 zu spielen.}) 28... b4
29. Qxb4 $2 {An understandable mistake. Presumably Anand believed he could
still save the draw in the ensuing rook ending. At the same time a saving line
was extremely hard to find in the variations after 29.Rdf1!, since intuitively
the variations look so dangerous for White that it is easy to stop calculating
too soon. Ein verständlicher Fehler. Vermutlich glaubte Anand, er könne sich
im entstehenden Turmendspiel noch ins Remis retten. Gleichzeitig war die
Rettung in den Varianten nach 29.Tdf1! extrem schwer zu finden, da die
Varianten intuitiv so gefährlich für Weiss aussehen, dass man die Berechnung
leicht zu früh abbricht.} (29. Rdf1 $1 Rc7 30. Qxb4 Qa6 (30... Qg3 $4 {
in calculating this out in advance it is very difficult to refute this move,
since one would like to stop here. But there is a winning, quiet move: ist in
der Vorausberechnung nur schwer zu widerlegen, denn man möchte hier schon
abbrechen. Doch es gibt einen gewinnbringenden stillen Zug:} 31. Qb6 $1 e2 32.
Rxg5+ $1 hxg5 33. Qf6+ {followed by disaster on the h-file. nebst Desaster auf
der h-Linie.}) 31. a3 Rfc8 {At first sifght White has no defence against Rb7
trapping the queen, but the extraordinary resource Auf den ersten Blick hat
Weiss keine Verteidigung gegen Tb7 mit Damenfang, doch die aussergewöhnliche
Ressource} 32. Re5 $1 Rb7 33. Re7 $1 $11 Rxb4 34. Rfxf7+ {saves White with a
perpetual check. rettet Weiß ins Dauerschach.}) 29... Rb8 30. Qa4 Rcb5 {
Now Black's attack breaks through.  Jetzt schlägt der schwarze Angriff durch.}
31. Qa7 R8b7 32. Qxe3 Rxb2 33. Qe5+ Qxe5 34. Rxe5 Rxg2 35. Rd4 $2 ({After Nach
} 35. d6 Rxa2 36. Rdd5 Rd7 37. Re4 Ra6 38. Red4 f6 {the d6-pawn is finally
encircled. wird der Bauer d6 schließlich eingekreist.}) 35... Rg1+ 36. Kc2
Rgb1 $1 (36... Rgb1 {Anand had overlooked that after Anand hatte uebersehen,
dass er nach} 37. Rxc4 {he loses a rook. einen Turm verliert:} R7b2+ 38. Kd3
Rd1+ 39. Ke3 Re1+ 40. Kd4 Rd2+) 0-1

[Event "EU-ch 8th"]
[Site "Dresden"]
[Date "2007.04.14"]
[Round "11"]
[White "Iordachescu, Viorel"]
[Black "Meier, Georg"]
[Result "0-1"]
[WhiteElo "2587"]
[BlackElo "2506"]
[Annotator "Meier,Georg"]
[PlyCount "123"]
[EventDate "2007.04.03"]
[EventType "swiss"]
[EventRounds "11"]
[EventCountry "GER"]
[SourceTitle "CBM 118"]
[Source "ChessBase"]
[SourceDate "2007.05.31"]
[SourceVersion "1"]
[SourceVersionDate "2007.05.31"]
[SourceQuality "1"]

1. e4 e6 2. d4 d5 3. Nd2 dxe4 4. Nxe4 Nd7 5. Nf3 Ngf6 6. Bg5 h6 7. Nxf6+ Nxf6
8. Be3 Nd5 9. Bd2 {This move is very rarely met. Dieser Zug ist sehr selten
anzutreffen.} ({Almost exclusively Es wird fast ausschließlich zu} 9. Bd3 {
is played. gegriffen.} Nxe3 10. fxe3 Bd6 11. e4 e5 12. dxe5 Bc5 13. Bb5+ c6 14.
Qxd8+ Kxd8 15. Bc4 Ke7 16. c3 Be6 17. Bxe6 Kxe6 18. Ke2 Bb6 $1 $11 {The fine
prophylactic move is the last word in this line. Der feine prophylaktische Zug
ist das letzte Wort in dieser Variante.} (18... Rad8 $6 19. Ne1 $1 $14 {
1/2-1/2 Degraeve,J (2551)-Meier,G (2484)/Remagen GER 2006/The Week in Chess
631 (40)} Kxe5 $140 $4 20. Nd3+ Kd6 21. e5+ Kd5 22. c4+ Kd4 23. Rhf1 $18) 19.
Rhf1 Rhf8 20. Rad1 Rad8 21. Rxd8 Bxd8 22. Rd1 Bc7 23. Ke3 g6 24. g4 Rd8 $11 {
1/2-1/2 Leko,P (2749)-Ivanchuk,V (2750)/Morelia/Linares MEX/ESP 2007/The Week
in Chess 643 (38)}) 9... c5 10. Bb5+ Bd7 11. Bxd7+ (11. Qe2 {doesn't pose any
problems. stellt keine Probleme} Bxb5 12. Qxb5+ Qd7 13. Qxd7+ Kxd7 14. c4 Nf6
15. Ne5+ Ke8 16. Be3 Rc8 17. Ke2 cxd4 18. Bxd4 Bc5 19. Rad1 Ke7 $11 {1/2-1/2
Vallejo Pons,F (2559)-Radjabov,T (2533)/Dos Hermanas 2001/CBM 083 (27)}) 11...
Qxd7 12. c4 {From here on I was out of book. I had forgotten the game
Polgar-Radjabov! Ab hier war ich "out of book". Ich hatte die Partie
Polgar-Radjabov vergessen!} Nb6 {Not a nice square for the knight, but the
queen sortie to a4 must be prevented. Kein schönes Feld für den Springer, aber
der Damenausfall nach a4 muss verhindert werden.} (12... Nf6 $2 13. Ne5 Qxd4
14. Qa4+ Nd7 15. Bc3 Qe4+ 16. Kf1 $16) 13. Rc1 Be7 $5 $146 {Intuitively I felt
that my opponent's preparation would have finished here since the liquidation
which follows looks very strong at first glance. Intuitiv spürte ich, dass ich
damit die Vorbereitung des Gegners verlassen würde, denn auf den ersten Blick
sieht die folgende Abwicklung stark aus.} (13... Rc8 14. dxc5 {was the
improvement which had been prepared. war wohl die vorbereitete Verbesserung.} (
14. O-O cxd4 15. Ne5 Qd8 16. Re1 Bd6 17. Qg4 Qf6 18. Bf4 O-O 19. b3 Rfd8 20.
Rcd1 Bb8 21. Bg3 Nd7 $15 {1/2-1/2 Polgar,J (2686)-Radjabov,T (2558)/Buenos
Aires 2001/CBM 085 (66)}) 14... Rxc5 (14... Bxc5 15. b4 Be7 16. c5 Nd5 17. Ne5
Qc7 18. Qa4+ Kf8 19. Nc4 {Compared to the game, the rook is worse here on c8
since there is no protection for a7. Im Vergleich zur Partie steht der Turm
hier schlechter auf c8, da a7 die Deckung fehlt.}) 15. b3 $14 {Black's pieces
are all clumsily placed. Above all the Nb3 is ineffectual. This advantage is
not easy to exploit however, since the black pawn structure has no weaknesses.
Die schwarzen Figuren stehen hier allesamt ungeschickt. Vor allem der Nb6 ist
wirkungslos. Dieser Vorteil ist allerdings nicht leicht auszunutzen, da die
schwarze Bauernstruktur keine Schwächen aufweist.}) 14. dxc5 Bxc5 15. b4 Be7
16. c5 Nd5 17. Ne5 Qc7 18. Qa4+ Kf8 {Black will immediately achieve
coordination with g6 and Kg7 and the knight on d5 holds the black position
together. With so few minor pieces on the board White's advantage in space is
not so important.  Schwarz stellt die Koordination mit g6-Kg7 sofort her und
der Springer d5 zementiert die schwarze Stellung. Bei so wenigen Leichtfiguren
auf dem Brett fällt der weiße Raumvorteil nicht zu sehr ins Gewicht.} 19. Nc4
g6 20. O-O Kg7 21. Qb3 Rhd8 (21... b6 22. Ne3 Rhd8 23. c6 b5 24. g3 $14) (21...
b5 $5 22. Ne3 Nf4 {is worth considering. kommt in Betracht}) 22. Rfe1 Rac8 (
22... b6 23. cxb6 axb6 24. Ne5 Qb7 25. Nc6 Rd7 26. b5 $14) 23. g3 b6 $6 (23...
h5 $142 24. h4 {Without the tactical weakness on h6, White can no longere
proceed as he did in the game. Ohne die taktische Schwäche auf h6 kann Weiß
nun nicht mehr analog zur Partie fortfahren.} b6 $11 25. cxb6 axb6 26. Ne5 Qd6
27. b5 Rxc1 28. Bxc1 Qb4 $15) 24. cxb6 axb6 25. Ne5 Qb7 26. b5 {There is now
no doubt that White is better, since the knight on c6 will tie up the black
position but a breakthrough is not possible unless Black cooperates. Weiß
steht nun zweifellos besser, da der Springer auf c6 die schwarze Stellung
einschnüren wird, aber ein Durchkommen ist ohne freundliche Unterstützung des
Schwarzen nicht möglich.} (26. Bxh6+ $142 $1 Kxh6 27. Nxf7+ Kg7 28. Nxd8 Bxd8
29. Rxc8 Qxc8 30. Re4 $14 {Black not only has weak pawns by a vulnerable king,
meaning he iwould be in for lengthy torture. Schwarz hat nicht nur schwache
Bauern, sondern auch einen anfälligen König, so dass ihm eine lange Tortur
bervorstünde.}) 26... Rxc1 27. Bxc1 {A waste of time. Zeitverlust} (27. Rxc1
$142) 27... Ra8 (27... Rc8 $142 28. Nc6 $140 Bf6 29. Bd2 Ne7 $11) 28. a4 h5 29.
Nc6 Bf6 30. Bd2 Qc7 (30... h4 $5 31. g4 g5 32. Re4 $13) ({After Mit} 30... Rc8
31. Re4 Qd7 (31... Ne7 32. Rc4) 32. Rc4 Rc7 33. h4 Kh7 34. Bg5 Bg7 {Black
should take up the correct defensive posture. sollte Schwarz die richtige
Verteidigungsstellung einnehmen.}) 31. h4 Qd6 32. Rc1 Kh7 {Things might almost
go wrong! The queen should control b7 to prevent a breakthrough by a5. Das
wäre fast ins Auge gegangen! Die Dame sollte b7 kontrollieren um einem
Durchbruch mit a5 vorzubeugen.} (32... Qd7) 33. Rc4 ({After Nach} 33. a5 bxa5
34. b6 a4 35. b7 axb3 36. bxa8=Q Nc7 {Black can just save himself like this.
rettet sich Schwarz gerade noch so.}) 33... Qd7 34. Qd3 Kg7 (34... Kg8 35. Bg5
Bg7 36. Ne7+ Kh7 37. Rf4 f5 38. Rc4 $14) 35. Qf3 Rc8 36. Bg5 $1 Bxg5 37. hxg5
Rc7 $2 (37... Qd6 $142) 38. Qe4 $2 (38. Qa3 $1 {prevents the activation of the
black queen. verhindert die Aktivierung der schwarzen Dame:} Kg8 39. g4 $5 (39.
a5 bxa5 40. Qxa5 Qe8 41. Qa3 Rb7) 39... hxg4 40. Qg3 {/\ Qe5, Rxg4-h4}) 38...
Qd6 39. Qd4+ Kh7 40. Qb2 Qf8 41. Qe5 Qa3 42. Kg2 Qa2 43. Rd4 (43. Rh4 $5 Rd7
44. Qd4 Kg8 45. g4 Qe2 46. gxh5 gxh5 47. Ne5 Rc7 48. Re4 Qc2 49. Nc6 $14) 43...
Rc8 44. Qe4 Qb2 45. Rxd5 {The tournament situation now forced White to sharpen
the game because a victory would mean qualification for the tiebreaks. But
since Iordachescu was also running short of time he burns his fingers... Die
Turniersituation zwang Weiß nun dazu, das Spiel zu verschärfen, denn ein Sieg
sollte die Qualifikation für die Tiebreaks bedeuten. Da Iordachescus Zeit aber
auch knapp wurde, verbrennt er sich dabei die Finger...} exd5 46. Qxd5 Kg7 47.
Ne5 Rc7 48. Nc4 $2 (48. Qd6 Qc2 49. Nd7 Qe4+ 50. Kh2 Rc8 51. Qxb6 h4 $132)
48... Qc3 49. Nxb6 Rc5 50. Qf3 Qxf3+ 51. Kxf3 Rxg5 {Here only Black still has
winning chances, because White's passed pawns are easy to stop. Hier hat nur
noch Schwarz Gewinnchancen, denn die weißen Freibauern sind leicht zu stoppen.}
52. Ke4 Kf6 53. f4 $4 (53. Nc4 Ke6 54. b6 Rc5 55. Kd4 Rd5+ 56. Ke3 Kd7 57. a5
Kc6 $15) 53... Rxg3 54. Nd5+ Ke6 55. b6 h4 56. f5+ gxf5+ 57. Kd4 h3 58. Kc5 h2
59. b7 Rb3 60. Nb6 h1=Q 61. b8=Q Qc1+ 62. Kd4 0-1